Loyalty / (Record no. 35767)

MARC details
000 -CABECERA
campo de control de longitud fija 00574nam a2200193 a 4500
005 - FECHA Y HORA DE LA ÚLTIMA TRANSACCIÓN
campo de control 20240614063733.0
008 - ELEMENTOS DE LONGITUD FIJA--INFORMACIÓN GENERAL
campo de control de longitud fija 991125s1970 ea 000 0 eng u
020 ## - NÚMERO INTERNACIONAL NORMALIZADO PARA LIBROS
Número Internacional Estándar del Libro 0528537541
035 ## - NÚMERO DE CONTROL DEL SISTEMA
Número de control de sistema UPN01000035767
049 ## - COLECCIÓN
Colección F
050 #4 - SIGNATURA TOPOGRÁFICA DE LA BIBLIOTECA DEL CONGRESO
Número de clasificación PE1127 H5
Número de documento/Ítem M8.4
100 1# - ASIENTO PRINCIPAL--NOMBRE PERSONAL
Nombre de persona Musman, Richard
245 10 - MENCIÓN DE TÍTULO
Título Loyalty /
Mención de responsabilidad, etc. Richard Musman ; ill. by Terence Greer.
260 ## - PUBLICACIÓN, DISTRIBUCIÓN, ETC.
Lugar de publicación, distribución, etc. London :
Nombre del editor, distribuidor, etc. Longman Group,
Fecha de publicación, distribución, etc. 1970.
300 ## - DESCRIPCIÓN FÍSICA
Extensión 73 p. :
Otras características físicas il. col.
440 #0 - MENCIÓN DE SERIE/ASIENTO SECUNDARIO--TÍTULO
Título Longman structural readers : plays stage ;
Designación de volumen o secuencia 4
650 #4 - ASIENTO SECUNDARIO DE MATERIA - TERMINO TEMATICO
Término de materia o nombre geográfico como elemento de entrada Inglés
Subdivisión de forma Libros de texto para extranjeros
9 (RLIN) 9168
905 ## - TIPO DE MATERIAL
Tipo de material Libro
Holdings
Estado de retiro Estado de pérdida Fuente del sistema de clasificación o colocación Estado dañado No para préstamo Código de colección Localización permanente Ubicación/localización actual Ubicación en estantería Fecha de adquisición Clasificación Código de barras Fecha visto por última vez Número de copia Tipo de ítem Koha
    Library of Congress Classification   Disponible (Préstamo en sala) Folletería Bib. Gregorio Torres Quintero Bib. Gregorio Torres Quintero Colecciones especiales Planta alta 04/05/2023 PE1127 H5 M8.4 4178 31/12/2020 1 Folleto